Taylor Swift Fearless (TV) - Sudden Death - Statistics

General Stats
  • This quiz has been taken 129 times
  • The average score is 21 of 25
Answers on the Grid
Answers color-coded by a green-red scale on the quiz's grid according to % correct below.
Jump Then Fall
Love Story
Mr. Perfectly Fine
Untouchable
You Belong With Me
Happier Now
You're Not Sorry
Fifteen
Don't You
Fearless
Forever & Always
The Fallout
Hey Stephen
Breathe
Bye Bye Baby
The Best Day
I Lived And I Learned
White Horse
The Way I Loved You
Superstar
Tell Me Why
You All Over Me
Romeo & Juliet
Today Was A Fairytale
That's When
We Were Happy
Change
Invincible
Come In With The Rain
The Other Side Of The Door
 
Answer Stats
Answer % Correct
Love Story
99%
Fifteen
97%
You Belong With Me
97%
Fearless
96%
Mr. Perfectly Fine
96%
White Horse
96%
Forever & Always
94%
Hey Stephen
94%
The Way I Loved You
91%
Jump Then Fall
89%
Untouchable
89%
Tell Me Why
87%
The Best Day
86%
Breathe
84%
You're Not Sorry
84%
Today Was A Fairytale
83%
Bye Bye Baby
82%
That's When
81%
Superstar
79%
The Other Side Of The Door
78%
You All Over Me
76%
Change
74%
Come In With The Rain
74%
Don't You
72%
We Were Happy
71%
No matching quizzes found
Score Distribution
Percent of People with Each Score
Percentile by Number Answered
Your Score History
You have not taken this quiz